Teaching biological evolution in higher education : methodological, religious, and nonreligious issues /

Bibliographic Details
Main Author: Alters, Brian J.
Format: Book
Language:English
Published: Sudbury, Mass. : Jones and Bartlett Publishers, [2005]
Subjects:

MARC

Tag First Indicator Second Indicator Subfields
LEADER 00000cam a2200000 a 4500
001 in00002024955
005 20151031180704.0
008 040726s2005 maua b 001 0 eng
010 |a  2004054945 
020 |a 0763728896 
035 |a (OCoLC)ocm56103806 
040 |a DLC  |c DLC  |d C#P  |d UtOrBLW 
049 |a TXAM 
050 0 0 |a QH362  |b .A628 2005 
082 0 0 |a 576.8/071/1  |2 22 
100 1 |a Alters, Brian J. 
245 1 0 |a Teaching biological evolution in higher education :  |b methodological, religious, and nonreligious issues /  |c Brian Alters. 
264 1 |a Sudbury, Mass. :  |b Jones and Bartlett Publishers,  |c [2005] 
264 4 |c ©2005 
300 |a 136 pages :  |b illustrations ;  |c 23 cm. 
336 |a text  |b txt  |2 rdacontent 
337 |a unmediated  |b n  |2 rdamedia 
338 |a volume  |b nc  |2 rdacarrier 
504 |a Includes bibliographical references (pages 123-131) and index. 
650 0 |a Evolution (Biology)  |x Study and teaching (Higher) 
650 0 |a Evolution (Biology)  |x Study and teaching (Higher)  |x Religious aspects. 
945 |i PromptCat 
948 |a cataloged  |b h  |c 2005/2/14  |d c  |e eneff  |f 10:25:58 am 
994 |a 92  |b TXA 
999 |a MARS 
999 f f |s 4c5c1b57-2a90-389d-a640-5f7e8b144307  |i 0b8f8ee4-30a9-323a-ba86-ec5c80c38d95  |t 0 
952 f f |p ric  |a Texas A&M University  |b Rellis Campus  |c Joint Library Facility  |d Remote Storage  |t 0  |e QH362 .A628 2005  |h Library of Congress classification  |i unmediated -- volume  |m A14832507467 
998 f f |a QH362 .A628 2005  |t 0  |l Remote Storage